| 000 | 00000nam##2200000za#4500 |
| 001 | 9.599080 |
| 003 | CaOODSP |
| 005 | 20210624204904 |
| 007 | cr ||||||||||| |
| 008 | 150406|1999||||xxc|||||o f|0| 0 fre|d |
| 040 | |aCaOODSP|bfre |
| 043 | |an-cn--- |
| 086 | 1 |aBT31-2/2000-III-39F-PDF |
| 110 | 1 |aCanada. |bConseil du trésor. |
| 245 | 10|aCRSNG - NSERC, un rapport sur les plans et les priorités, budget des dépenses 1999-2000 |h[ressource électronique] |
| 246 | 3 |aConseil de recherche en sciences naturelles et en génie, un rapport sur les plans et les priorités, budget des dépenses 1999-2000 |
| 260 | |bSecrétariat du Conseil du Trésor du Canada |c[1999]. |
| 300 | |a38p.|bgraphiques, organigrammes, références, tableaux |
| 490 | 1 |aBudget des dépenses 1999-2000. Partie III, Rapport sur les plans et les priorités |v1999-2000 |
| 500 | |a"Investir dans les gens, la découverte et l’innovation". |
| 590 | |a10-08-Supp|b2010-10-06 |
| 775 | 08|tNSERC - CRSNG, report on plans and priorities, 1999-2000 estimates |w(CaOODSP)9.567756 |
| 776 | 0#|tNatural Sciences and Engineering Research Council of Canada |w(CaOODSP)9.531640 |
| 776 | 0#|tConseil de recherches en sciences naturelles et en génie du Canada |w(CaOODSP)9.531641 |
| 830 | #0|aBudget des dépenses 1999-2000. Partie III, Rapport sur les plans et les priorités ;|v1999-2000|w(CaOODSP)9.502119 |
| 856 | 40|ahttp://publications.gc.ca|qPDF|s162 Ko|uhttps://publications.gc.ca/collections/Collection/BT31-2-2000-III-39F.pdf|y1999-2000 |